000 00725nam a2200229 a 4500
999 _c6145
_d6145
001 6145
003 BD-JhCC
005 20191029134017.0
008 180101s2015 bg |||| ||a| 000 0 ben d
020 _a9789849120254
035 _a(BD-JhCC)6145
040 _aBD-JhCC
_dBD-JhCC
041 _aben
082 _a891.4437
_bHAS 2015
100 _aহাসান, রকিন
245 _aগোলকরহস্য :
_bগোয়েন্দা কিশোর মুসা রবিন ৭ /
_cরকিন হাসান
260 _aঢাকা :
_bপ্রথমা প্রকাশন,
_c2015.
300 _a79 p. :
_c21 cm.
650 _aScience Fiction, Bengali
942 _2ddc
_cBK
_08